Entry Término temático
001 - NÚMERO DE CONTROL
- campo de control: 83963
003 - IDENTIFICADOR DEL NÚMERO DE CONTROL
- campo de control: BNPHU
005 - FECHA Y HORA DE LA ÚLTIMA TRANSACCIÓN
- campo de control: 20260417203557.0
008 - DATOS DE LONGITUD FIJA
- campo de control de longitud fija: 230815|| aca||aabn | a|a d
040 ## - FUENTE DE LA CATALOGACIÓN
- Centro catalogador/agencia de origen: DO-SdBNP
- Lengua de catalogación: spa
- Centro/agencia transcriptor: BNPHU
- Normas de descripción: rda
150 ## - ENCABEZAMIENTO--TÉRMINO DE MATERIA
- Término de materia o nombre geográfico como elemento de entrada: Sanciones económicas
450 0# - TRAZADO DE VÉASE--TÉRMINO DE MATERIA
- Término de materia o nombre geográfico como elemento de entrada: Economic sanctions
550 ## - TRAZADO VÉASE ADEMÁS--TÉRMINO DE MATERIA
- Término de materia o nombre geográfico como elemento de entrada: Política económica
- Subcampo de control: g
550 ## - TRAZADO VÉASE ADEMÁS--TÉRMINO DE MATERIA
- Término de materia o nombre geográfico como elemento de entrada: Sanciones (Derecho internacional)
- Subcampo de control: g
550 ## - TRAZADO VÉASE ADEMÁS--TÉRMINO DE MATERIA
- Término de materia o nombre geográfico como elemento de entrada: Relaciones económicas internacionales
550 ## - TRAZADO VÉASE ADEMÁS--TÉRMINO DE MATERIA
- Término de materia o nombre geográfico como elemento de entrada: Embargo (Derecho internacional)
- Subcampo de control: h
670 ## - FUENTE DE DATOS ENCONTRADOS
- Cita de la fuente: Work cat.: (DO-SdBNP)54435: Hall, Michael 12719 1960-, Sugar and power in the Dominican Republic :
670 ## - FUENTE DE DATOS ENCONTRADOS
- Identificador Uniforme del Recurso: https://librunam.dgb.unam.mx:8443/F/ITXS86BP7DSXN8AI3N6X8MNFUYUDEPVXBKTQ7FDQ99SE8KEKRL-13658?func=full-set-set&set_number=023267&set_entry=000006&format=999 Consultado en 17 de Abril, 2026
680 ## - NOTA GENERAL PÚBLICA
- Texto explicativo: Este encabezamiento es subdividido localmente por el nombre del país contra el que las sanciones económicas son aplicadas
681 ## - NOTA DE EJEMPLO DE TRAZADO DE MATERIA
- Texto explicativo: Este encabezamiento es subdividido localmente por el nombre del país contra el que las sanciones económicas son aplicadas
750 0# - ENTRADA DE ENLACE DE ENCABEZAMIENTO ESTABLECIDO--TÉRMINO DE MATERIA
- Término de materia o nombre geográfico como elemento de entrada: Economic sanctions
- Número de control del registro de autoridad o número normalizado: sh 85040838
